| 000 | 00933nac a22003257a 4500 | ||
|---|---|---|---|
| 001 | BR7909234 | ||
| 003 | BR-BrBNA | ||
| 005 | 20240105114602.0 | ||
| 008 | 230509b bl.|||m| |||| 00| 0 por d | ||
| 040 |
_aBR-BrBNA _bpor _cBiblioteca Nacional de Agricultura |
||
| 072 | _aF27 | ||
| 090 | _a2120 BR7909234 | ||
| 100 | 1 | _aBegazo, J.C.E.O. | |
| 100 | 1 | _aOliveira, J.A. de | |
| 245 | 1 | _aCulturas intercalares em cafezal [arroz, amendoim, feijao, milho, soja] | |
| 260 | 3 |
_aVicosa, MG (Brasil): _c1979. |
|
| 300 | _a12 p. | ||
| 490 |
_aBoletim de Extensao - Universidade Federal de Vicosa (Brazil) _vno. 18 _x |
||
| 500 | _a8 tables; 12 ref. | ||
| 650 | _aCAFE | ||
| 650 | _aCONSORCIACAO DE CULTURA | ||
| 650 | _aARROZ | ||
| 650 | _aAMENDOIM | ||
| 650 | _aFEIJAO | ||
| 650 | _aMILHO | ||
| 650 | _aSOJA | ||
| 650 | _aCULTIVO INTERCALADO | ||
| 909 |
_a202312 _bLúcia Elande _c55 _dLúcia Elande |
||
| 942 |
_2AGRIS _n0 _cMS |
||
| 999 |
_c270193 _d270193 |
||